| 000 | 00887pam a2200265 a 4500 | ||
|---|---|---|---|
| 020 | _a0471600849 | ||
| 040 | _cDLC | ||
| 082 | 0 | 0 | _a632 WIL 1991 A043 Or. |
| 100 | 1 | _aAshton, Floyd M. | |
| 245 | 1 | 0 |
_aWeed science : _bprinciples and practices / |
| 250 | _a3rd ed. | ||
| 260 |
_aNew York : _bWiley, _cc1991. |
||
| 300 |
_avii, 466 p. : _bill. ; _c24 cm. |
||
| 500 | _aRev. ed. of: Weed science / Glenn C. Klingman, Floyd M. Ashton. 2nd ed. c1982. | ||
| 500 | _a"A Wiley-Interscience publication." | ||
| 650 | 0 | _aWeeds | |
| 650 | 0 | _aHerbicides. | |
| 700 | 1 | _aMonaco, Thomas J. | |
| 700 | 1 | _aBarrett, Michael, | |
| 700 | 1 | _aKlingman, Glenn C. | |
| 856 | 4 | _uhttp://www.loc.gov/catdir/toc/onix05/90024784.html | |
| 856 | 4 | 2 | _uhttp://www.loc.gov/catdir/enhancements/fy0607/90024784-b.html |
| 856 | 4 | 2 | _uhttp://www.loc.gov/catdir/enhancements/fy0607/90024784-d.html |
| 942 | _cEK | ||
| 999 |
_c12687 _d12687 |
||